W jakim województwie znajdują sie te miasta? - Statystyki

Ogólne statystyki
  • Ten quiz został rozwiązany 3 095 razy
  • Średni wynik to 24 z 40
Statystyki odpowiedzi
Lp Miasto Nazwa Województwa % Poprawnych
6 Gniezno Województwo Wielkopolskie
88%
2 Wejherowo Województwo Pomorskie
86%
20 Oświęcim Województwo Małopolskie
80%
7 Wałbrzych Województwo Dolnośląskie
79%
5 Legionowo Województwo Mazowieckie
76%
37 Wieliczka Województwo Małopolskie
75%
25 Legnica Województwo Dolnośląskie
72%
9 Giżycko Województwo Warmińsko-Mazurskie
72%
40 Rybnik Województwo Śląskie
71%
27 Sandomierz Województwo Świętokrzyskie
71%
10 Łomża Województwo Podlaskie
70%
28 Tarnów Województwo Małopolskie
68%
32 Inowrocław Województwo Kujawsko-Pomorskie
67%
1 Mława Województwo Mazowieckie
67%
33 Szczecinek Województwo Zachodniopomorskie
67%
8 Tczew Województwo Pomorskie
65%
23 Grudziądz Województwo Kujawsko-Pomorskie
64%
11 Skierniewice Województwo Łódzkie
64%
38 Bełchatów Województwo Łódzkie
64%
14 Ciechanów Województwo Mazowieckie
62%
15 Kazimierz Dolny Województwo Lubelskie
60%
13 Police Województwo Zachodniopomorskie
60%
36 Chełm Województwo Lubelskie
59%
26 Ostrołęka Województwo Mazowieckie
59%
21 Nysa Województwo Opolskie
58%
30 Stalowa Wola Województwo Podkarpackie
53%
19 Racibórz Województwo Śląskie
53%
3 Białogard Województwo Zachodniopomorskie
53%
18 Sieradz Województwo Łódzkie
52%
16 Olkusz Województwo Małopolskie
51%
22 Dębica Województwo Podkarpackie
51%
29 Ostróda Województwo Warmińsko-Mazurskie
51%
34 Wronki Województwo Wielkopolskie
51%
4 Międzyrzecz Województwo Lubuskie
48%
35 Kluczbork Województwo Opolskie
45%
12 Swarzędz Województwo Wielkopolskie
44%
24 Nowa Sól Województwo Lubuskie
43%
17 Zambrów Województwo Podlaskie
41%
39 Kościerzyna Województwo Pomorskie
40%
31 Włoszczowa Województwo Świętokrzyskie
39%
Nie znaleziono quizów pasujących do podanych kryteriów
Rozkład punktacji
Procent ludzi z każdym wynikiem
Percentyl według liczby udzielonych odpowiedzi
Twoja historia wyników
Nie rozwiązałeś tego quizu